Southville International School and Colleges
Your cart is empty.
  • Cart
  • Lists
    Public lists list_1 View all
    Your lists Log in to create your own lists
  • Log in to your account
  • Your cookies
  • Search history
Southville International School and Colleges
  • Advanced search
  • Recent comments
  • Most popular
  • Libraries

Log in to your account

Log in with GOOGLE


If you do not have an external account, but do have a local account, you can still log in:

  1. Home
  2. MARC view: Rizal and other Philippine heroes & heroines :
Normal view MARC view ISBD view

Rizal and other Philippine heroes & heroines : (Record no. 293665)

[ view plain ]
MARC details
000 -LEADER
fixed length control field 00720nam a2200241Ia 4500
008 - FIXED-LENGTH DATA ELEMENTS--GENERAL INFORMATION
fixed length control field 160418s9999 xx 000 0 und d
020 ## - INTERNATIONAL STANDARD BOOK NUMBER
International Standard Book Number 978-971-93602-3-0
050 ## - LIBRARY OF CONGRESS CALL NUMBER
Classification number FIL DS 675.8
050 ## - LIBRARY OF CONGRESS CALL NUMBER
Item number .R5R58 2007
100 ## - MAIN ENTRY--PERSONAL NAME
Personal name Rivas, Dionesio.
245 ## - TITLE STATEMENT
Title Rizal and other Philippine heroes & heroines :
245 ## - TITLE STATEMENT
Remainder of title a primer and teaching strategies /
245 ## - TITLE STATEMENT
Statement of responsibility, etc Dionesio Rivas, Michael Nael.
260 ## - PUBLICATION, DISTRIBUTION, ETC. (IMPRINT)
Place of publication, distribution, etc Bulacan :
260 ## - PUBLICATION, DISTRIBUTION, ETC. (IMPRINT)
Name of publisher, distributor, etc S.U.G. Pub. House Inn.,
260 ## - PUBLICATION, DISTRIBUTION, ETC. (IMPRINT)
Date of publication, distribution, etc 2007
300 ## - PHYSICAL DESCRIPTION
Extent 228 pages :
300 ## - PHYSICAL DESCRIPTION
Other physical details illustrations ;
300 ## - PHYSICAL DESCRIPTION
Dimensions 21 cm.
650 ## - SUBJECT ADDED ENTRY--TOPICAL TERM
Topical term or geographic name as entry element Heroes -- Philippines -- Biography.
650 ## - SUBJECT ADDED ENTRY--TOPICAL TERM
Topical term or geographic name as entry element Rizal, Jose P., 1861-1896.
650 ## - SUBJECT ADDED ENTRY--TOPICAL TERM
General subdivision Revolutionaries -- Philippines -- Biography.
Holdings
Withdrawn status Lost status Damaged status Home library Current library Shelving location Date acquired Total Checkouts Full call number Barcode Date last seen Price effective from Koha item type
      South Mansfield College South Mansfield College Filipiniana Section 04/05/2011   FIL DS 675.8 .R5R58 2007 SMC05619 04/18/2016 04/18/2016  

Rizal and other Philippine heroes & heroines :

APA

Rivas D., .Rizal and other Philippine heroes & heroines. Bulacan: .

Chicago

Rivas Dionesio, .Rizal and other Philippine heroes & heroines. Bulacan: .

Harvard

Rivas D., .Rizal and other Philippine heroes & heroines. Bulacan: .

MLA

Rivas Dionesio, .Bulacan: . .

  • Place hold
  • Print
  • Cite
  • Add to your cart (remove)
  • Save record
    BIBTEX Dublin Core MARCXML MARC (non-Unicode/MARC-8) MARC (Unicode/UTF-8) MARC (Unicode/UTF-8, Standard) MODS (XML) RIS
  • More searches
    Search for this title in:
    Other Libraries (WorldCat) Other Databases (Google Scholar) Online Stores (Bookfinder.com) Open Library (openlibrary.org)

Exporting to Dublin Core...

SOUTHVILLE LIBRARY

Southville International School and Colleges Library

1281 Tropical Ave. Cor. Luxembourg St., BF Homes International, Las Pinas City

Tel. No. 8256374 / 252358 Loc. 117/146

Powered by Koha